000 00897nam a2200241Ia 4500
003 OSt
005 20250612153534.0
008 191128t1995 ck dr 000 f spa d
020 _a9580429715
040 _aCO-JMCR
_cCO-JMCR
041 _aspa
082 0 4 _aJ-N
_bSTIe
100 1 _aStine, R. L.
_eautor
_98225
245 1 0 _aEscalofríos :
_b¡sonríe y muérete! /
_cR. L. Stine; traducción María Mercedes Correa
250 _aPrimera edición
260 _aBogotá :
_bNorma,
_c©1995
300 _a137 páginas ;
_c19 cm.
490 0 _aInfantil-juvenil
520 _aCada foto encierra una historia Greg piensa que hay algo raro en la cámara que se encontraron él y sus amigos en abandonada casa de las afueras de Pitts Landing. Las fotografías que toma salen raras, muy raras..
534 _pGoosebumps 4 : say cheese and die!
650 1 4 _aNovela juvenil
_98226
942 _2ddc
_cBK
999 _c3287
_d3287